00345nam a2200133Ia 4500008004100000100001900041245004300060260001900103260000900122300000800131546001200139690004300151999001700194170620s9999 xx 000 0 und d aFLOREY- KLAUS 0aANALYTICAL PROFILES OF DRUGS SUBSTANCE bACADEMIC PRESS c2005 a480 aEnglish aANALYTICAL PROFILES OF DRUGS SUBSTANCE c30788d30788